01183nab a2200193 i 4500001000400000003000400004005001700008008003900025040000800064080001200072100012700084245018900211260001300400500002100413520035300434650002400787650001400811773016400825BPPBPK20160604115517.0160112s1974 pl n f |000 0pol cBPK a796.012 aWOJCIECHOWSKI, Leszek.d1968 - 1996.bWyższa Szkoła Inżynierska w Koszalinie - Studium Wychowania Fizycznego i Sportu aWstępne wyniki zmian fałdy skórno-tłuszczowej u studentek Wydziału Budownictwa Lądowego i Mechanicznego Wyższej Szkoły Inżynierskiej w Koszalinie /cLeszek Wojciechowski. g.c1974. aDane z autopsji. aCelem niniejszego doniesienia jest wstępne przedstawienie zachodzących zmian w grubości fałdy skórno-tłuszczowej u studentek I roku Wydziału Budownictwa Lądowego i Mechanicznego rozpoczynających studia w latach 1971 - 1973. Ogółem poddano analizie 87 osób, wyżej wymienioną obserwację wykonano w miesiącu październiku. 0aTkanka tłuszczowa. 0aStudenci. iW :tZeszyty Naukowe Wyższej Szkoły Inżynierskiej w Koszalinie. Prace Studiów Wychowania Fizycznego i Sportu Uczelni Technicznych. -g1974, nr 2, s. 4-8